000 00419nam a2200133Ia 4500
008 220216s9999 xx 000 0 und d
100 _aFeres R J F
245 0 _aTwo new phyllocoptine mites (Acari: Eriophyidae) from Hevea brasiliensis Muell. Arg. (Euphorbiaceae) from Brazil
260 _bInternational Journal of Acarology
_c1998
300 _a69-74
500 _aSource Year: 1998
856 _uIRRDB
942 _cJS
999 _c71621
_d71621